The Gospel for the person who has everything. (Record no. 13106)

000 -LEADER
fixed length control field 00734nam a2200205 a 4500
001 - CONTROL NUMBER
control field :::00010924$&:&@@
003 - CONTROL NUMBER IDENTIFIER
control field OkBaRHE
005 - DATE AND TIME OF LATEST TRANSACTION
control field 20000607103404.0
008 - FIXED-LENGTH DATA ELEMENTS--GENERAL INFORMATION
fixed length control field s1978 j 000 0 eng u
020 ## - INTERNATIONAL STANDARD BOOK NUMBER
International Standard Book Number 081700758X
040 ## - CATALOGING SOURCE
Transcribing agency
100 1# - MAIN ENTRY--PERSONAL NAME
Personal name Willimon, William H.
245 14 - TITLE STATEMENT
Title The Gospel for the person who has everything.
Statement of responsibility, etc William H. Willimon.
260 ## - PUBLICATION, DISTRIBUTION, ETC. (IMPRINT)
Place of publication, distribution, etc Valley Forge, PA.,
Name of publisher, distributor, etc Judson Press
Date of publication, distribution, etc c1978
300 ## - PHYSICAL DESCRIPTION
Extent 94 p. ;
Dimensions 22 cm.
650 ## - SUBJECT ADDED ENTRY--TOPICAL TERM
Topical term or geographic name as entry element Christian Life
General subdivision Methodist Authors
942 ## - ADDED ENTRY ELEMENTS (KOHA)
Source of classification or shelving scheme
Koha item type Books
Copies
Shelving location Permanent Location Source of classification or shelving scheme Barcode Date acquired Full call number Lost status Copy number Damaged status Koha item type Date last seen Price effective from Withdrawn status Not for loan
General StacksRHEMA Bible Training College 109242010-04-14BV 4501.2 .W544 1 Books2010-04-142010-04-14  
General StacksRHEMA Bible Training College 152372010-04-14BV 4501.2 .W544 2 Books2010-04-142010-04-14